000 00506nam a22002297a 4500
003 UA-OsUOA
001 95737
007 ta
008 20130306b un ||||| |||| 00| 0 ukr d
100 _aКалчев К.
090 _a821.163.2
_bК17
942 _cBK
040 _aUA-OsUOA
_bukr
_cUA-OsUOA
_dUA-OsUOA
245 _aЛюба
_bроман
300 _a189 с.
955 _a3
041 _aukr
080 _a821.163.2
260 _aК.
_bДніпро
_c1983
650 7 _2UDC
999 _c381969
_d381969